Estatísticas para Capitais mundiais mais próximas a Madrid

Clique aqui para jogar o quiz

Estatísticas Gerais

  • Esse quiz foi jogado 90 vezes
  • A pontuação média é 15 de 20

Respostas no mapa

Respostas codificadas por cores de uma escala verde-vermelha no mapa do quiz de acordo com a % correta abaixo.
Carregando ...
 

Estatísticas das Respostas

kmcapital% Correto
503Lisboa
100%
1053Paris
97%
1363Roma
96%
1265Londres
93%
1483Amesterdão
84%
1153Berna
80%
1319Bruxelas
80%
1453Dublin
78%
1281Luxemburgo
78%
991Monaco
76%
771Rabat
72%
1385San Marino
72%
494Andorra-a-Velha
70%
1362Vaticano
70%
719Argel
65%
1271Tunes
59%
1297Vaduz
59%
1668Valeta
51%
1600Liubliana
47%
1702Zagreb
47%

Distribuição das Pontuações

Percentil de Números Respondidos

Porcentagem de Pessoas com Cada Pontuação

Sua Pontuação Histórica

Você não jogou esse quiz